000 00534nam a2200181 i 4500
001 58431
003 ES-MaACL
005 20250916063042.0
007 t|
008 031022s1959 sp |||| | spa d
100 1 _aDuhamel, Georges,
_d1884-1966
_945938
245 1 0 _aDiario de Salavin /
_cpor Georges Duhamel ; versión castellana de J.F. Rosal.
260 _aMadrid :
_bG.P.,
_c[1959] (
_fGuada)
300 _a159 p. ;
_c18 cm.
700 1 _aRosal, J. F.
_999635
852 _aES-MaACL
_jC-17158
999 _c58431
_d58431